00839nam a22001457a 4500008004100000020001500041050001500056100001900071245008500090260003400175300003200209500002000241505040500261650002700666120614t xxu||||| |||| 00| 0 eng d a0072979542 aHF5718.Y68 aYoung, Dona J. aFoundations of business communication: an integrative approach. /cDona J. Young aBoston:bMcGraw Hill,cc2006. axxix, 538 p.:bill.;c28cm. aIncludes index. aContents: Writing skills -- Communication and the writing process -- What is good business writing? -- Developing and revising short business messages -- Professional communication -- Office communications -- Persuasive communication -- Verbal communication skills -- Global communication and technology -- Applications and careers -- Team communications -- Getting a job -- Communicating on the job. bBusiness communication